Sports Quiz

Random Sports or Country Quiz

All of the country's Competing in Sydney 2000 Quiz Stats

 Plays Quiz not verified by Sporcle

Score 0/200 Timer 10:00
0 Plays Today
Answer % Correct
Great Britain
94.7%
USA
94.7%
Argentina
89.5%
Canada
89.5%
China
89.5%
Finland
89.5%
France
89.5%
Germany
89.5%
Laos
89.5%
New Zealand
89.5%
Pakistan
89.5%
Spain
89.5%
Sweden
89.5%
Australia
89.5%
Brazil
84.2%
Cuba
84.2%
Denmark
84.2%
India
84.2%
Iran
84.2%
Iraq
84.2%
Ireland
84.2%
Israel
84.2%
Japan
84.2%
South Korea
84.2%
Mexico
84.2%
Mongolia
84.2%
Netherlands
84.2%
Norway
84.2%
Peru
84.2%
Poland
84.2%
Russia
84.2%
Switzerland
84.2%
Greece
78.9%
Austria
78.9%
Chile
78.9%
Egypt
78.9%
North Korea
78.9%
Latvia
78.9%
Luxembourg
78.9%
Morocco
78.9%
South Africa
78.9%
Ukraine
78.9%
Vietnam
78.9%
Albania
73.7%
Andorra
73.7%
Belarus
73.7%
Belgium
73.7%
Bulgaria
73.7%
Cambodia
73.7%
Croatia
73.7%
Czech Republic
73.7%
Fiji
73.7%
Georgia
73.7%
Iceland
73.7%
Indonesia
73.7%
Italy
73.7%
Jamaica
73.7%
Liechtenstein
73.7%
Lithuania
73.7%
Paraguay
73.7%
Portugal
73.7%
Romania
73.7%
Chinese Taipei
73.7%
Uruguay
73.7%
Venezuela
73.7%
Yemen
73.7%
Colombia
68.4%
Answer % Correct
Cote d'ivoire
68.4%
Cyprus
68.4%
Honduras
68.4%
Kazakhstan
68.4%
Kenya
68.4%
Libya
68.4%
Malta
68.4%
Qatar
68.4%
Samoa
68.4%
Slovakia
68.4%
Sri Lanka
68.4%
Sudan
68.4%
Turkey
68.4%
Uzbekistan
68.4%
Algeria
63.2%
Angola
63.2%
Armenia
63.2%
Azerbaijan
63.2%
Bahamas
63.2%
Bangladesh
63.2%
Bermuda
63.2%
Bolivia
63.2%
Estonia
63.2%
F.Y.R Macedonia
63.2%
Haiti
63.2%
Lebanon
63.2%
Niger
63.2%
Nigeria
63.2%
Oman
63.2%
Philippines
63.2%
St Kitts and Nevis
63.2%
Saudi Arabia
63.2%
Slovenia
63.2%
Syria
63.2%
Thailand
63.2%
Turkmenistan
63.2%
UAE
63.2%
Barbados
57.9%
Costa Rica
57.9%
Dominica
57.9%
Dominican Republic
57.9%
Ecuador
57.9%
El Salvador
57.9%
Guatemala
57.9%
Hungary
57.9%
Kyrgyzstan
57.9%
Moldova
57.9%
Monaco
57.9%
Nepal
57.9%
Panama
57.9%
Tajikistan
57.9%
Tonga
57.9%
Zimbabwe
57.9%
Bahrain
52.6%
Belize
52.6%
Bosnia and Herzegovina
52.6%
Botswana
52.6%
Cameroon
52.6%
Congo
52.6%
Grenada
52.6%
Jordan
52.6%
Kuwait
52.6%
Malaysia
52.6%
Mozambique
52.6%
Nicaragua
52.6%
San Marino
52.6%
Sierra Leone
52.6%
Answer % Correct
Tunisia
52.6%
Zambia
52.6%
Brunei
47.4%
Djibouti
47.4%
Gabon
47.4%
Ghana
47.4%
Guyana
47.4%
Hong Kong
47.4%
Madagascar
47.4%
Myanmar
47.4%
Namibia
47.4%
Somalia
47.4%
Suriname
47.4%
Trinidad and Tobago
47.4%
Vanuatu
47.4%
Bhutan
42.1%
Chad
42.1%
Eritrea
42.1%
Lesotho
42.1%
Liberia
42.1%
Mali
42.1%
Rwanda
42.1%
St Vincent and the Grenadines
42.1%
Solomon Islands
42.1%
Swaziland
42.1%
Tanzania
42.1%
Togo
42.1%
Yugoslavia
42.1%
Antigua and Barbuda
36.8%
Benin
36.8%
Burkina Faso
36.8%
Central African Republic
36.8%
Equatorial Guinea
36.8%
The Gambia
36.8%
Maldives
36.8%
Mauritania
36.8%
Mauritius
36.8%
Nauru
36.8%
Palau
36.8%
Senegal
36.8%
Seychelles
36.8%
Aruba
31.6%
Burundi
31.6%
Micronesia
31.6%
Palestine
31.6%
St Lucia
31.6%
Uganda
31.6%
Comoros
26.3%
Malawi
26.3%
Sao Tome and the Principe
26.3%
American Samoa
21.1%
Cape Verde
21.1%
Puerto Rico
21.1%
US Virgin Islands
21.1%
British Virgin Islands
15.8%
Cook Islands
15.8%
Guam
15.8%
Netherlands Antilles
15.8%
Cayman Islands
10.5%
DR Congo
10.5%
Ethopia
10.5%
Guiena
5.3%
Guiena-Bissau
5.3%
Papua New Guiena
5.3%
Singapoure
5.3%
Individual Olympic Athletes
5.3%

You're not logged in!

Compare scores with friends on all Sporcle quizzes.
OR
Log In

Show Comments

Extras

Created Apr 4, 2014ReportNominate
Tags:Country Quiz

Top Quizzes Today


Score Distribution

Your Account Isn't Verified!

In order to create a playlist on Sporcle, you need to verify the email address you used during registration. Go to your Sporcle Settings to finish the process.

Report this User

Report this user for behavior that violates our Community Guidelines.

Details: